Logic and computer design fundamentals / (Record no. 541546)

000 -LEADER
fixed length control field 00638cam a22001934a 4500
020 ## - INTERNATIONAL STANDARD BOOK NUMBER
International Standard Book Number 0130124680
082 00 - DEWEY DECIMAL CLASSIFICATION NUMBER
Classification number 004
Author Mark MAN
-- NUST-01 , 83
100 1# - MAIN ENTRY--PERSONAL NAME
Personal name Mano, M. Morris,
9 (RLIN) 36506
245 10 - TITLE STATEMENT
Title Logic and computer design fundamentals /
Statement of responsibility, etc. M. Morris Mano, Charles R. Kime.
250 ## - EDITION STATEMENT
Edition statement 2nd ed.
260 ## - PUBLICATION, DISTRIBUTION, ETC.
Place of publication, distribution, etc. Upper Saddle River, NJ :
Name of publisher, distributor, etc. Prentice Hall,
Date of publication, distribution, etc. c2000.
300 ## - PHYSICAL DESCRIPTION
Extent xvi, 652 p. :
Other physical details col. ill. ;
Dimensions 24 cm. +
526 ## - STUDY PROGRAM INFORMATION NOTE
Program name 0
Interest level 0
Reading level 0
Title point value 004_000000000000000_MAN
650 #0 - SUBJECT ADDED ENTRY--TOPICAL TERM
Topical term or geographic name entry element Electronic digital computers
General subdivision Circuits.
9 (RLIN) 36507
650 #0 - SUBJECT ADDED ENTRY--TOPICAL TERM
Topical term or geographic name entry element Logic circuits.
9 (RLIN) 17982
650 #0 - SUBJECT ADDED ENTRY--TOPICAL TERM
Topical term or geographic name entry element NUST
9 (RLIN) 6342
700 1# - ADDED ENTRY--PERSONAL NAME
Personal name Kime, Charles R.
9 (RLIN) 36508
942 ## - ADDED ENTRY ELEMENTS (KOHA)
Source of classification or shelving scheme
Koha item type Book
Holdings
Withdrawn status Lost status Source of classification or shelving scheme Damaged status Not for loan Permanent Location Current Location Date acquired Total Checkouts Full call number Barcode Date last seen Price effective from Koha item type
          Military College of Engineering (MCE) Military College of Engineering (MCE) 08/13/2013   004 MAN MCE-34976 08/13/2013 08/13/2013 Book
© 2023 Central Library, National University of Sciences and Technology. All Rights Reserved.